| 000 | 00347 a2200157 4500 | ||
|---|---|---|---|
| 001 | 14422 | ||
| 020 | _a9780746086568 | ||
| 040 | _cAnchieta - Aquarius | ||
| 100 | _aDobbie, Meg | ||
| 240 | 1 | 0 |
_aFind the duck _lpor |
| 245 | 1 | 0 | _aFind the duck |
| 300 | _a[12] | ||
| 362 | 0 | _a2007 | |
| 650 | 4 | _aLiteratura infanto-juvenil em inglês | |
| 942 | _cBK | ||
| 999 |
_c14422 _d14422 |
||